ARRUPE JESUIT UNIVERSITY

CORONAVIRUS -STOP THE SPREAD - CLEAN,DISINFECT,COVER

Youth and the Party : (Record no. 125039)

MARC details
000 -LEADER
fixed length control field 01095cam a2200301 i 4500
001 - CONTROL NUMBER
control field 362868
003 - CONTROL NUMBER IDENTIFIER
control field ARRUPE
005 - DATE AND TIME OF LATEST TRANSACTION
control field 20160816115440.0
008 - FIXED-LENGTH DATA ELEMENTS--GENERAL INFORMATION
fixed length control field 770310s1976 ru b 000 0 eng
010 ## - LIBRARY OF CONGRESS CONTROL NUMBER
LC control number 77350648
Canceled/invalid LC control number 77571793
015 ## - NATIONAL BIBLIOGRAPHY NUMBER
National bibliography number USSR***
040 ## - CATALOGING SOURCE
Original cataloging agency DLC
Transcribing agency DLC
Modifying agency DLC
041 1# - LANGUAGE CODE
Language code of text/sound track or separate title engrus
043 ## - GEOGRAPHIC AREA CODE
Geographic area code e-ur---
050 00 - LIBRARY OF CONGRESS CALL NUMBER
Classification number HX547
Item number .Y68
082 00 - DEWEY DECIMAL CLASSIFICATION NUMBER
Classification number 329.9/47
300 ## - PHYSICAL DESCRIPTION
Dimensions 21 cm.
100 ## - MAIN ENTRY--PERSONAL NAME
Personal name Krivoruchenko, Vladimar Koustantinovich
9 (RLIN) 25147
245 00 - TITLE STATEMENT
Title Youth and the Party :
Remainder of title documents /
Statement of responsibility, etc [compiler and author of introductory article, V. K. Krivoruchenko ; translated from the Russian by Yuri Shirokov].
260 ## - PUBLICATION, DISTRIBUTION, ETC. (IMPRINT)
Place of publication, distribution, etc Moscow :
Name of publisher, distributor, etc Progress Publishers,
Date of publication, distribution, etc 1976.
300 ## - PHYSICAL DESCRIPTION
Extent 252 p. ;
504 ## - BIBLIOGRAPHY, ETC. NOTE
Bibliography, etc Includes bibliographical references.
610 20 - SUBJECT ADDED ENTRY--CORPORATE NAME
Corporate name or jurisdiction name as entry element U.S.S.R.
General subdivision Party work.
Source of heading or term Addresses
9 (RLIN) 25148
650 #0 - SUBJECT ADDED ENTRY--TOPICAL TERM
Topical term or geographic name as entry element Socialism and youth.
Source of heading or term Addresses
9 (RLIN) 25149
700 1# - ADDED ENTRY--PERSONAL NAME
Personal name Krivoruchenko, Vladimir Konstantinovich.
9 (RLIN) 25150
710 2# - ADDED ENTRY--CORPORATE NAME
Corporate name or jurisdiction name as entry element Kommunisticheskai︠a︡ partii︠a︡ Sovetskogo Soi︠u︡za.
9 (RLIN) 25151
906 ## - LOCAL DATA ELEMENT F, LDF (RLIN)
a 7
b cbc
c orignew
d 3
e ncip
f 19
g y-gencatlg
942 ## - ADDED ENTRY ELEMENTS (KOHA)
Source of classification or shelving scheme Library of Congress Classification
Koha item type Monograph ( Printed materials)
Holdings
Withdrawn status Lost status Source of classification or shelving scheme Damaged status Not for loan Collection code Home library Current library Shelving location Date acquired Total Checkouts Full call number Barcode Date last seen Price effective from Koha item type
    Library of Congress Classification     Main Collection ARRUPE LIBRARY ARRUPE LIBRARY Main Collection 16/08/2016   HX547.Y68 46500008341 30/04/2018 16/08/2016 Monograph ( Printed materials)

 

Arrupe Library. PO Box MP320 Mt Pleasant, Harare, Zimbabwe
263 242 745411|librarian@aju.ac.zw